书目信息 |
| 题名: |
广播剧选
|
|
| 作者: | 宋家玲 , 朱宝贺 编 | |
| 分册: | ||
| 出版信息: | 北京 中国戏剧出版社 1981 |
|
| 页数: | 465页 | |
| 开本: | 19cm | |
| 丛书名: | ||
| 单 册: | ||
| 中图分类: | I235.37 | |
| 科图分类: | ||
| 主题词: | 广播剧本--中国--现代--选集 | |
| 电子资源: | ||
| ISBN: | ||
| 000 | 00645nam0 2200241 45 | |
| 001 | 0181002290 | |
| 005 | 20060912095245.28 | |
| 010 | @dCNY1.20 | |
| 091 | @aCN@b8069.140 | |
| 100 | @a19950120d1981 em y0chiy0121 ea | |
| 101 | 0 | @achi |
| 102 | @aCN@b110000 | |
| 105 | @af z 000by | |
| 200 | 10 | @a广播剧选@Aguang bo ju xuan@f朱宝贺,宋家玲编 |
| 210 | @a北京@c中国戏剧出版社@d1981 | |
| 215 | @a465页@c剧照@d19cm | |
| 606 | @a广播剧本@y中国@z现代@x选集 | |
| 690 | @aI235.37@v3 | |
| 701 | 0 | @a宋家玲@Asong jia ling@4编 |
| 701 | 0 | @a朱宝贺@Azhu bao he@4编 |
| 801 | 2 | @aCN@bNLC@c20060912 |
| 801 | 0 | @aCN@bTSSF |
| 905 | @a10447@dI235.37@e154 | |
| 广播剧选/朱宝贺,宋家玲编.-北京:中国戏剧出版社,1981 |
| 465页:剧照;19cm |
| ISBN :CNY1.20 |
| ● |
| 相关链接 |
|
|
|
|
正题名:广播剧选
索取号:I235.37/154
 
预约/预借
| 序号 | 登录号 | 条形码 | 馆藏地/架位号 | 状态 | 备注 |
| 1 | 0474720 | 204747202 | 密集书库/ [索取号:I235.37/154] | 在馆 | |
| 2 | 0475085 | 204750858 | 密集书库/ [索取号:I235.37/154] | 在馆 |